[Event "19. Torneo San Viator"]
[Site "Madrid ESP"]
[Date "2012.11.11"]
[Round "8.17"]
[White "Castro Uceda, Jose Antonio"]
[Black "Rodriguez Alonso, Marcos"]
[Result "0-1"]
[WhiteElo "1657"]
[BlackElo "1596"]
[PlyCount "76"]
[EventDate "2012.09.23"]
[EventType "swiss"]
[EventRounds "9"]
[EventCountry "ESP"]
[Source "lmi"]
[SourceDate "2012.09.23"]

1. d4 d5 2. c4 e6 3. e3 Nf6 4. Nc3 Bb4 5. Nf3 Nbd7 6. Bd3 dxc4 7. Bxc4 b6 8.
O-O Bb7 9. a3 Bxc3 10. bxc3 O-O 11. Re1 Ne4 12. Qc2 Ndf6 13. h3 c5 14. a4 Qc7
15. Ne5 Rac8 16. Rb1 Nd6 17. Ba3 Nxc4 18. Nxc4 Be4 19. Qe2 Bxb1 20. Rxb1 Rfd8
21. Rc1 Ne4 22. Qf3 Nd6 23. Ne5 Qb7 24. Qg3 Nf5 25. Qf4 cxd4 26. cxd4 Rc7 27.
f3 Rdc8 28. g4 Rc3 29. gxf5 Rxa3 30. fxe6 fxe6 31. Rxc8+ Qxc8 32. Qf7+ Kh8 33.
Qxa7 Ra1+ 34. Kg2 Qc2+ 35. Kg3 Rg1+ 36. Kh4 Qf2+ 37. Kh5 g6+ 38. Kh6 Qh4# 0-1

[Event "19. Torneo San Viator"]
[Site "Madrid ESP"]
[Date "2012.11.11"]
[Round "8.18"]
[White "Savchuk, Olga"]
[Black "San Felipe Gonzalez, Tomas"]
[Result "0-1"]
[WhiteElo "1464"]
[BlackElo "1629"]
[PlyCount "84"]
[EventDate "2012.09.23"]
[EventType "swiss"]
[EventRounds "9"]
[EventCountry "ESP"]
[Source "lmi"]
[SourceDate "2012.09.23"]

1. e4 e5 2. Nf3 f5 3. exf5 e4 4. Nd4 Nf6 5. Be2 Qe7 6. O-O c5 7. Nb3 d5 8. d4
c4 9. Nc5 Bxf5 10. b3 b6 11. Na4 b5 12. Nc5 Nc6 13. Be3 Nd7 14. Nxd7 Qxd7 15.
Nc3 Bb4 16. Nxb5 a6 17. a3 Ba5 18. b4 axb5 19. bxa5 Rxa5 20. f3 O-O 21. fxe4
dxe4 22. Rf4 Ne7 23. Qf1 Nd5 24. Qf2 Nxf4 25. Qxf4 Bg6 26. Qg3 Qe7 27. h3 Rxa3
28. Rb1 Qd7 29. Qg5 Qf5 30. Qxf5 Rxf5 31. Bd2 Rd5 32. Bb4 Ra2 33. Bg4 Bf5 34.
Bc5 Bxg4 35. hxg4 Rxc2 36. Rxb5 e3 37. Rb8+ Kf7 38. Rb7+ Kg6 39. Rb6+ Kg5 40.
Re6 Rc1+ 41. Kh2 Kf4 42. Bd6+ Rxd6 0-1

[Event "19. Torneo San Viator"]
[Site "Madrid ESP"]
[Date "2012.11.11"]
[Round "8.19"]
[White "Moreno Sanchez, Guillermo"]
[Black "Fernandez Aragoneses, Pedro"]
[Result "1/2-1/2"]
[WhiteElo "1635"]
[BlackElo "1848"]
[PlyCount "51"]
[EventDate "2012.09.23"]
[EventType "swiss"]
[EventRounds "9"]
[EventCountry "ESP"]
[Source "lmi"]
[SourceDate "2012.09.23"]

1. d4 Nf6 2. c4 g6 3. Nc3 Bg7 4. Nf3 d6 5. e4 O-O 6. Be2 e5 7. d5 a5 8. O-O
Nbd7 9. Be3 Ng4 10. Bg5 f6 11. Bd2 Nc5 12. Qc1 f5 13. exf5 Bxf5 14. h3 Nf6 15.
Bg5 Qc8 16. Bh6 Nfe4 17. Nxe4 Bxe4 18. Bxg7 Kxg7 19. Qe3 Bxf3 20. Bxf3 Qf5 21.
Rac1 Qf4 22. Qc3 b6 23. Rce1 Rae8 24. Re3 Qf6 25. Qc2 Qf5 26. Qc3 1/2-1/2

[Event "19. Torneo San Viator"]
[Site "Madrid ESP"]
[Date "2012.11.11"]
[Round "8.20"]
[White "Jimenez Elices, Jose Maria"]
[Black "Gil Calvente, Jose Antonio"]
[Result "1-0"]
[WhiteElo "1905"]
[BlackElo "1618"]
[PlyCount "105"]
[EventDate "2012.09.23"]
[EventType "swiss"]
[EventRounds "9"]
[EventCountry "ESP"]
[Source "lmi"]
[SourceDate "2012.09.23"]

1. e4 c6 2. d4 d5 3. Nc3 dxe4 4. Nxe4 Bf5 5. Ng3 Bg6 6. h4 h6 7. h5 Bh7 8. Nf3
Nf6 9. Bd3 Bxd3 10. Qxd3 e6 11. Qe2 Be7 12. O-O Nbd7 13. Re1 O-O 14. Ne5 Nxe5
15. dxe5 Nd5 16. c4 Nb6 17. Be3 Qc7 18. Qg4 Kh8 19. b3 Rad8 20. f4 f5 21. Qg6
Bh4 22. Red1 Rxd1+ 23. Rxd1 Bxg3 24. Qxg3 Rd8 25. Qe1 Rd7 26. Rxd7 Qxd7 27. Qd2
Qxd2 28. Bxd2 Nd7 29. Be3 b6 30. Kf2 Kh7 31. Kg3 g6 32. Kh4 a5 33. g4 c5 34.
gxf5 gxf5 35. Kg3 Nb8 36. Bd2 Nc6 37. Bc3 Kg7 38. Kf3 Kf7 39. Be1 Ke7 40. Bh4+
Kf7 41. Ke3 Ke8 42. Bf6 Kf7 43. a3 Ne7 44. Kd3 Ke8 45. Kc3 Ng8 46. Bh4 Kd7 47.
b4 Kc6 48. bxa5 b5 49. cxb5+ Kxb5 50. a6 Kxa6 51. Kc4 Ka5 52. Kxc5 Ka4 53. Kd6
1-0

[Event "19. Torneo San Viator"]
[Site "Madrid ESP"]
[Date "2012.11.11"]
[Round "8.22"]
[White "Herreros Lucas, Jose L"]
[Black "Rendo Quiros, Pedro"]
[Result "1-0"]
[WhiteElo "1588"]
[BlackElo "1630"]
[PlyCount "109"]
[EventDate "2012.09.23"]
[EventType "swiss"]
[EventRounds "9"]
[EventCountry "ESP"]
[Source "lmi"]
[SourceDate "2012.09.23"]

1. d4 d5 2. Nf3 Nf6 3. e3 Bg4 4. Bd3 e6 5. Nbd2 c5 6. c3 a6 7. O-O Nc6 8. e4 c4
9. Bc2 Be7 10. e5 Nd7 11. h3 Bf5 12. Bxf5 exf5 13. Re1 Nf8 14. Nf1 Ne6 15. Ng3
g6 16. Bd2 h5 17. Ne2 Qd7 18. Nf4 O-O-O 19. Rb1 Rdg8 20. Nxe6 fxe6 21. Bg5 Bxg5
22. Nxg5 h4 23. f4 Nd8 24. b4 Nf7 25. Re2 Nxg5 26. fxg5 Rh5 27. Qd2 Qe7 28. b5
a5 29. b6 Rxg5 30. Rb5 Rg3 31. Rxa5 Kd7 32. Qb2 Rc8 33. Ra7 Rb8 34. Qb5+ Kd8
35. Rc2 Qd7 36. Qc5 Qe7 37. Qa5 Qg5 38. Ra8 Qe3+ 39. Kh2 Rxh3+ 40. gxh3 Qg3+
41. Kh1 Qxh3+ 42. Kg1 Qe3+ 43. Rf2 Rxa8 44. Qxa8+ Ke7 45. Qxb7+ Kf8 46. Qc8+
Kg7 47. Qxe6 Qe1+ 48. Kg2 h3+ 49. Kxh3 Qxf2 50. Qe7+ Kh6 51. Qh4+ Qxh4+ 52.
Kxh4 g5+ 53. Kg3 Kh5 54. b7 f4+ 55. Kf3 1-0

[Event "19. Torneo San Viator"]
[Site "Madrid ESP"]
[Date "2012.11.11"]
[Round "8.25"]
[White "Garcia Rojas, Juan Carlos"]
[Black "Martin Rodriguez, Jose L"]
[Result "0-1"]
[WhiteElo "1570"]
[BlackElo "1431"]
[PlyCount "78"]
[EventDate "2012.09.23"]
[EventType "swiss"]
[EventRounds "9"]
[EventCountry "ESP"]
[Source "lmi"]
[SourceDate "2012.09.23"]

1. e4 e6 2. Nc3 c5 3. Bc4 Nc6 4. Nf3 a6 5. a4 Qc7 6. b3 Ne5 7. Nxe5 Qxe5 8. O-O
Nf6 9. Re1 b6 10. Bb2 Qg5 11. Qe2 Bb7 12. Qe3 Qg6 13. Bd3 Bd6 14. g3 Ng4 15.
Qe2 Ne5 16. Bc4 O-O 17. Nd1 h5 18. f3 f5 19. d3 f4 20. Qg2 fxg3 21. Re2 gxh2+
22. Kh1 Qxg2+ 23. Rxg2 Rf7 24. Rxh2 Nxf3 25. Rxh5 Raf8 26. Ne3 Nd2 27. Rg1 Nf1
28. Ng4 Ng3+ 29. Rxg3 Bxg3 30. Rg5 Kh7 31. Nf6+ gxf6 32. Rxg3 f5 33. Rh3+ Kg6
34. Kg1 fxe4 35. Rg3+ Kf5 36. Bc1 Ke5 37. c3 Rf1+ 38. Kg2 Rxc1 39. Rg7 exd3+
0-1

[Event "19. Torneo San Viator"]
[Site "Madrid ESP"]
[Date "2012.11.11"]
[Round "8.26"]
[White "Jimenez Perez, Federico"]
[Black "Salgado Duarte, Pablo"]
[Result "0-1"]
[WhiteElo "1280"]
[BlackElo "1579"]
[PlyCount "98"]
[EventDate "2012.09.23"]
[EventType "swiss"]
[EventRounds "9"]
[EventCountry "ESP"]
[Source "lmi"]
[SourceDate "2012.09.23"]

1. e4 e5 2. Nf3 d6 3. d4 exd4 4. Nxd4 Be7 5. Nc3 Bd7 6. Bc4 Nf6 7. h3 O-O 8.
Bg5 c5 9. Nf5 Bxf5 10. exf5 Nc6 11. O-O Ne5 12. Bd5 Nxd5 13. Bxe7 Nxe7 14. Qh5
g6 15. Qg5 Nxf5 16. Qf4 Nd4 17. Nd5 Ne2+ 18. Kh2 Nxf4 19. Nxf4 Nc4 20. Rfe1 Qf6
21. Nd5 Qxf2 22. Rf1 Qxc2 23. Rac1 Qe4 24. Nf6+ Kg7 25. Nxe4 Ne3 26. Rf3 Nf5
27. Rcf1 Rae8 28. Rf4 b6 29. h4 d5 30. Ng5 h6 31. Nh3 Re2 32. h5 Ne3 33. Rg1 g5
34. Rf3 d4 35. Rg3 Rxb2 36. Re1 Rxa2 37. Nf4 Re8 38. Nd5 Ng4+ 39. Rxg4 Rxe1 40.
Nf4 a5 41. Nd3 Re3 42. Nc1 Rc2 43. Rg3 Rxg3 44. Kxg3 Rxc1 45. Kf3 c4 46. g4 d3
47. Ke3 Re1+ 48. Kd2 Re2+ 49. Kd1 c3 0-1

[Event "19. Torneo San Viator"]
[Site "Madrid ESP"]
[Date "2012.11.11"]
[Round "8.28"]
[White "Perez Fajardo, Daniel"]
[Black "Jimenez Sanchez, Juan Daniel"]
[Result "0-1"]
[WhiteElo "1580"]
[BlackElo "1386"]
[PlyCount "140"]
[EventDate "2012.09.23"]
[EventType "swiss"]
[EventRounds "9"]
[EventCountry "ESP"]
[Source "lmi"]
[SourceDate "2012.09.23"]

1. d4 Nf6 2. c4 e6 3. Nc3 Bb4 4. Qc2 O-O 5. Bg5 c5 6. O-O-O cxd4 7. Rxd4 Bc5 8.
Rd3 Nc6 9. Rh3 g6 10. e4 Be7 11. Qd2 e5 12. Nf3 d6 13. Rh4 Bg4 14. h3 Be6 15.
Ne1 Rc8 16. f4 exf4 17. Rxf4 Ne5 18. h4 Nh5 19. Bxe7 Qxe7 20. Rf2 Nxc4 21. Bxc4
Bxc4 22. Kb1 Ng3 23. Rh3 Nxe4 24. Nxe4 Qxe4+ 25. Ka1 Rfe8 26. Rh1 Qd5 27. Nf3
Qxd2 28. Rxd2 d5 29. b3 Bb5 30. Rxd5 a6 31. h5 Bc6 32. Rg5 Re6 33. Rc1 Rce8 34.
Nd4 Re1 35. Kb2 Rxc1 36. Kxc1 Re1+ 37. Kd2 Rg1 38. Nxc6 bxc6 39. a4 Rh1 40.
hxg6 fxg6 41. Ke2 Rb1 42. Rg3 Rb2+ 43. Kd1 Kg7 44. Ke1 h5 45. Kf1 Rb1+ 46. Kf2
Rb2+ 47. Kg1 Kh6 48. Rc3 c5 49. Rxc5 Rxb3 50. Ra5 Rb6 51. Kf2 g5 52. Re5 Rf6+
53. Kg3 h4+ 54. Kg4 Rf4+ 55. Kh3 Rxa4 56. Re6+ Kh5 57. g4+ Rxg4 58. Rxa6 Rg3+
59. Kh2 Kg4 60. Ra4+ Kf3 61. Ra3+ Kf4 62. Rxg3 hxg3+ 63. Kg2 g4 64. Kg1 Kf3 65.
Kf1 g2+ 66. Kg1 Kf4 67. Kxg2 g3 68. Kf1 Kf3 69. Kg1 g2 70. Kh2 Kf2 0-1

[Event "19. Torneo San Viator"]
[Site "Madrid ESP"]
[Date "2012.11.18"]
[Round "9.2"]
[White "Hernandez Mateo, Borja"]
[Black "Lopez De Turiso, Jose Angel"]
[Result "1/2-1/2"]
[WhiteElo "1719"]
[BlackElo "2046"]
[PlyCount "96"]
[EventDate "2012.09.23"]
[EventType "swiss"]
[EventRounds "9"]
[EventCountry "ESP"]
[Source "lmi"]
[SourceDate "2012.09.23"]

1. e4 e6 2. d3 c5 3. g3 Nc6 4. Bg2 g6 5. Nc3 Bg7 6. Nge2 Nge7 7. O-O d6 8. Kh1
a6 9. f4 b5 10. Be3 b4 11. Na4 Bd7 12. e5 Nxe5 13. fxe5 Bxa4 14. exd6 Nd5 15.
Bxd5 exd5 16. Bxc5 Bd7 17. d4 a5 18. Nf4 O-O 19. Qf3 Bf5 20. Nxd5 Bxc2 21. Rae1
Ra6 22. Qe2 Qa8 23. Qxc2 Qxd5+ 24. Qe4 Rxd6 25. Bxd6 Qxd6 26. Rd1 Rd8 27. Qf4
Qd5+ 28. Qf3 Qxa2 29. b3 Rd7 30. Ra1 Qb2 31. Qa8+ Bf8 32. Qf3 Qxd4 33. Rfd1 Qa7
34. Rxd7 Qxd7 35. Rxa5 Kg7 36. Qd5 Qxd5+ 37. Rxd5 h5 38. Kg2 Kf6 39. Kf3 Ke6
40. Rb5 Bd6 41. Ke4 f6 42. Rb6 g5 43. Rb7 f5+ 44. Ke3 h4 45. gxh4 gxh4 46. Rh7
Bxh2 47. Rxh4 Bd6 48. Rc4 Kd5 1/2-1/2

[Event "19. Torneo San Viator"]
[Site "Madrid ESP"]
[Date "2012.11.18"]
[Round "9.3"]
[White "Garcia-Ruiz Fuentes, Angel M"]
[Black "Sierra Soria, Maria"]
[Result "1/2-1/2"]
[WhiteElo "1943"]
[BlackElo "1795"]
[PlyCount "76"]
[EventDate "2012.09.23"]
[EventType "swiss"]
[EventRounds "9"]
[EventCountry "ESP"]
[Source "lmi"]
[SourceDate "2012.09.23"]

1. e4 d5 2. exd5 Qxd5 3. Nc3 Qd8 4. d4 Nf6 5. Bc4 c6 6. Nf3 Bf5 7. h3 e6 8. Nh4
Bxc2 9. Qxc2 Qxd4 10. Bxe6 Qxh4 11. Bc8 Qb4 12. Qb3 Qe7+ 13. Ne2 b6 14. Qe3
Nbd7 15. Bb7 Qxe3 16. Bxe3 Bb4+ 17. Kf1 Rd8 18. Bxc6 O-O 19. g3 Rc8 20. Nd4 Ne5
21. Bb5 Rfd8 22. a3 Bc5 23. Nf5 Kf8 24. Bg5 Nd3 25. Bxd3 Rxd3 26. Bxf6 gxf6 27.
b4 Rf3 28. bxc5 Rxf5 29. cxb6 axb6 30. Kg2 Rc2 31. Rhf1 b5 32. Rac1 Rfxf2+ 33.
Rxf2 Rxc1 34. Rxf6 Rc2+ 35. Rf2 Rc3 36. Rf3 Rc2+ 37. Rf2 Rc3 38. Rf3 Rc2+
1/2-1/2

[Event "19. Torneo San Viator"]
[Site "Madrid ESP"]
[Date "2012.11.18"]
[Round "9.4"]
[White "Camara Cozar, David"]
[Black "Plazuelo Pascual, Juan"]
[Result "1-0"]
[WhiteElo "2077"]
[BlackElo "1721"]
[PlyCount "51"]
[EventDate "2012.09.23"]
[EventType "swiss"]
[EventRounds "9"]
[EventCountry "ESP"]
[Source "lmi"]
[SourceDate "2012.09.23"]

1. e4 c5 2. b3 d6 3. Bb2 Nc6 4. Bb5 Bd7 5. f4 a6 6. Bxc6 Bxc6 7. d3 e6 8. Nf3
Nf6 9. O-O Be7 10. Nbd2 O-O 11. Qe2 b5 12. c4 Rb8 13. Rad1 a5 14. e5 Nd7 15. d4
bxc4 16. exd6 Bxd6 17. Nxc4 Bxf4 18. dxc5 Qe7 19. Nd4 Bh6 20. Nxc6 Qxc5+ 21.
Nd4 e5 22. Ba3 Qa7 23. Bxf8 Rxf8 24. Nxe5 Re8 25. Nec6 Rxe2 26. Nxa7 1-0

[Event "19. Torneo San Viator"]
[Site "Madrid ESP"]
[Date "2012.11.18"]
[Round "9.5"]
[White "Cabanas Bravo, Juan Andres"]
[Black "Lianes Garcia, Marcos"]
[Result "1-0"]
[WhiteElo "2070"]
[BlackElo "1627"]
[PlyCount "117"]
[EventDate "2012.09.23"]
[EventType "swiss"]
[EventRounds "9"]
[EventCountry "ESP"]
[Source "lmi"]
[SourceDate "2012.09.23"]

1. e4 e5 2. f4 Bc5 3. Nf3 d6 4. c3 Nf6 5. fxe5 dxe5 6. Nxe5 O-O 7. d4 Bd6 8.
Nf3 Nxe4 9. Bd3 Re8 10. O-O Nf6 11. Bg5 Be6 12. c4 c6 13. Nc3 Be7 14. Qb3 b5
15. Rad1 Qb6 16. Kh1 Na6 17. Bxf6 Bxf6 18. Qc2 Nb4 19. Bxh7+ Kh8 20. Qb1 Bxc4
21. Rf2 Re7 22. Qf5 Bd3 23. Rxd3 Nxd3 24. Qxd3 Bxd4 25. Rf1 Bf6 26. Qf5 Qe3 27.
Ne4 Qh6 28. Nxf6 gxf6 29. Qc5 Rae8 30. Bc2 Rc7 31. Qd6 Ree7 32. Ne5 Qe3 33.
Qxf6+ Kg8 34. Ng4 Re6 35. Nxe3 Rxf6 36. Rxf6 Re7 37. Rf3 c5 38. h4 Re5 39. Kg1
Rh5 40. g3 Re5 41. Kf2 c4 42. Rf5 Re6 43. Rxb5 Ra6 44. a4 Rf6+ 45. Nf5 a6 46.
Rc5 Rb6 47. Rc8+ Kh7 48. Ne7+ Kh6 49. Nf5+ Kh7 50. Nd6+ Kg7 51. Nxc4 Rf6+ 52.
Ke2 Re6+ 53. Ne3 Rb6 54. b3 Re6 55. g4 Re5 56. Kf3 Ra5 57. g5 Re5 58. Kf4 Re7
59. Nf5+ 1-0

[Event "19. Torneo San Viator"]
[Site "Madrid ESP"]
[Date "2012.11.18"]
[Round "9.6"]
[White "Cano Cabanillas, Javier"]
[Black "Morona Minguez, Irene"]
[Result "1/2-1/2"]
[WhiteElo "2027"]
[BlackElo "1952"]
[PlyCount "117"]
[EventDate "2012.09.23"]
[EventType "swiss"]
[EventRounds "9"]
[EventCountry "ESP"]
[Source "lmi"]
[SourceDate "2012.09.23"]

1. f4 Nf6 2. Nf3 g6 3. g3 Bg7 4. Bg2 d5 5. d3 Nc6 6. c3 Bf5 7. O-O Qd7 8. Qb3
Nd8 9. Ne5 Qe6 10. Na3 c6 11. Nc2 Bh3 12. Bd2 h5 13. Nd4 Qc8 14. f5 Bxf5 15.
Nxf5 gxf5 16. Nf3 Ng4 17. Rae1 Ne6 18. Nh4 Bh6 19. Bxh6 Nxh6 20. e4 dxe4 21.
dxe4 f4 22. gxf4 Qc7 23. Rd1 Nxf4 24. Rxf4 Qxf4 25. Qxb7 O-O 26. Nf3 Ng4 27.
Re1 Qd6 28. h3 Qc5+ 29. Kh1 Nf2+ 30. Kh2 Rab8 31. Qd7 Qd6+ 32. Qxd6 exd6 33.
Re2 Nd3 34. Rd2 Nf4 35. Nd4 Nxg2 36. Rxg2+ Kh7 37. Nxc6 Rb7 38. Nb4 Re8 39. Nd5
Kh6 40. b3 Rxe4 41. Nf6 Rf4 42. Nd5 Rf3 43. c4 f5 44. Nf6 Rf7 45. Ne8 Rd3 46.
Re2 f4 47. Re6+ Kg5 48. Nxd6 Rf8 49. Re5+ Kh4 50. Nf5+ Kg5 51. Ne3+ Kg6 52. Nf1
f3 53. Kg3 f2+ 54. Kg2 Kh6 55. Re6+ Kg5 56. Re7 Kh6 57. Re6+ Kg5 58. Re7 Kh6
59. Re6+ 1/2-1/2

[Event "19. Torneo San Viator"]
[Site "Madrid ESP"]
[Date "2012.11.18"]
[Round "9.7"]
[White "Garcia Sanjuan, Jose"]
[Black "Navarro Gonzalez, Jaime"]
[Result "0-1"]
[WhiteElo "1905"]
[BlackElo "1769"]
[PlyCount "96"]
[EventDate "2012.09.23"]
[EventType "swiss"]
[EventRounds "9"]
[EventCountry "ESP"]
[Source "lmi"]
[SourceDate "2012.09.23"]

1. d4 Nf6 2. c4 c5 3. Nf3 g6 4. Nc3 Bg7 5. d5 e6 6. e4 exd5 7. cxd5 d6 8. Bd3
Bg4 9. O-O a6 10. h3 Bxf3 11. Qxf3 O-O 12. Bf4 Qc7 13. Rfe1 Nh5 14. Bh2 Nd7 15.
g4 Nhf6 16. Rac1 Rfe8 17. a4 Ne5 18. Qe2 Nxd3 19. Qxd3 Nd7 20. Qf3 Rab8 21. Rc2
b5 22. axb5 axb5 23. Rce2 b4 24. Nb1 c4 25. Rc1 Ne5 26. Bxe5 Bxe5 27. Rec2 Qe7
28. Rxc4 Bxb2 29. R1c2 Bg7 30. Nd2 Bc3 31. Nb1 Bg7 32. Qb3 h6 33. Nd2 Bc3 34.
Nb1 Bg7 35. Re2 Qb7 36. Rc6 Qb5 37. Re1 Rb6 38. Rxb6 Qxb6 39. Re2 Qd4 40. Nd2
Qc3 41. Qa4 Re7 42. Qb5 Qxh3 43. Qxb4 Be5 44. f3 Kg7 45. Qc4 Ra7 46. Nb3 Qxf3
47. Rg2 Ra3 48. Nc1 Rc3 0-1

[Event "19. Torneo San Viator"]
[Site "Madrid ESP"]
[Date "2012.11.18"]
[Round "9.8"]
[White "Sanchez Lopez, Maria"]
[Black "Barahona Torrijos, Angel"]
[Result "1/2-1/2"]
[WhiteElo "1873"]
[BlackElo "1893"]
[PlyCount "110"]
[EventDate "2012.09.23"]
[EventType "swiss"]
[EventRounds "9"]
[EventCountry "ESP"]
[Source "lmi"]
[SourceDate "2012.09.23"]

1. d4 Nf6 2. c4 e6 3. Nc3 d5 4. cxd5 exd5 5. Bg5 Be7 6. e3 h6 7. Bh4 O-O 8. Bd3
c6 9. Qc2 Ne8 10. Bxe7 Qxe7 11. Nxd5 cxd5 12. Qxc8 Nc6 13. Qxa8 Qb4+ 14. Kf1
Nf6 15. a3 Qxb2 16. Rb1 Qxa3 17. Qxf8+ Kxf8 18. Rd1 Qb3 19. Ke2 Ne4 20. Bxe4
dxe4 21. f3 f5 22. Nh3 Qc4+ 23. Kf2 Nb4 24. Nf4 g5 25. Ng6+ Ke8 26. Ne5 Qa2+
27. Kg3 Nc2 28. Rd2 Qb3 29. Rc1 f4+ 30. Kh3 Qe6+ 31. g4 fxg3+ 32. Kxg3 Nxe3 33.
fxe4 b5 34. Re2 Nc4 35. Nxc4 bxc4 36. Rec2 Qxe4 37. Rxc4 g4 38. Kf2 Qf3+ 39.
Kg1 Kd7 40. R4c3 Qd5 41. Rc4 a5 42. Ra4 h5 43. Rc5 Qe4 44. Rcxa5 Qe1+ 45. Kg2
h4 46. Ra7+ Kc8 47. Ra8+ Kb7 48. R8a7+ Kb6 49. R7a6+ Kb5 50. R6a5+ Qxa5 51.
Rxa5+ Kxa5 52. Kf2 Kb4 53. Ke3 g3 54. Kf3 gxh2 55. Kg2 Kc4 1/2-1/2

[Event "19. Torneo San Viator"]
[Site "Madrid ESP"]
[Date "2012.11.18"]
[Round "9.9"]
[White "Ore Leon, Gustavo"]
[Black "Al-Zarif Zabala, Bassam"]
[Result "0-1"]
[WhiteElo "1812"]
[BlackElo "1768"]
[PlyCount "70"]
[EventDate "2012.09.23"]
[EventType "swiss"]
[EventRounds "9"]
[EventCountry "ESP"]
[Source "lmi"]
[SourceDate "2012.09.23"]

1. e4 d6 2. d4 g6 3. f4 Bg7 4. Nf3 Bg4 5. Be2 Nd7 6. h3 Bxf3 7. Bxf3 c6 8. e5
dxe5 9. dxe5 Qb6 10. Nc3 Nh6 11. g4 O-O-O 12. Qe2 Nf8 13. Qe3 Ne6 14. Qxb6 axb6
15. Be3 Nd4 16. Be4 f5 17. gxf5 gxf5 18. O-O-O fxe4 19. Rxd4 Rxd4 20. Bxd4 c5
21. Bg1 Rf8 22. Bh2 e3 23. Nd5 Nf5 24. Nxb6+ Kc7 25. Nd5+ Kc6 26. c4 e6 27. Nc3
Rd8 28. Re1 Bh6 29. Rd1 Rd4 30. Rxd4 cxd4 31. Ne4 d3 32. b4 b5 33. cxb5+ Kxb5
34. a3 Nd4 35. Kd1 e2+ 0-1

[Event "19. Torneo San Viator"]
[Site "Madrid ESP"]
[Date "2012.11.18"]
[Round "9.10"]
[White "Pindado Campos, Raul"]
[Black "Zhynguel Ramirez De Verger, Ale"]
[Result "1/2-1/2"]
[WhiteElo "1928"]
[BlackElo "1704"]
[PlyCount "72"]
[EventDate "2012.09.23"]
[EventType "swiss"]
[EventRounds "9"]
[EventCountry "ESP"]
[Source "lmi"]
[SourceDate "2012.09.23"]

1. f4 d5 2. Nf3 Nf6 3. d3 c6 4. Nbd2 Qc7 5. e3 Bg4 6. Be2 Nbd7 7. h3 Bxf3 8.
Nxf3 e5 9. g3 Bd6 10. Qd2 h6 11. b3 O-O-O 12. Bb2 Rhe8 13. O-O-O Nh5 14. fxe5
Nxe5 15. Nxe5 Bxe5 16. d4 Nxg3 17. dxe5 Nxh1 18. Rxh1 Qe7 19. Rg1 g6 20. Rg4
Kb8 21. Ra4 Qg5 22. Bd4 b6 23. Qb4 Qe7 24. Qxe7 Rxe7 25. b4 Rde8 26. Ra3 Rxe5
27. Bxe5+ Rxe5 28. c4 d4 29. Kd2 dxe3+ 30. Rxe3 Rxe3 31. Kxe3 Kc7 32. Ke4 Kd6
33. h4 c5 34. b5 Ke6 35. Kf4 f5 36. Bf3 Kf6 1/2-1/2

[Event "19. Torneo San Viator"]
[Site "Madrid ESP"]
[Date "2012.11.18"]
[Round "9.11"]
[White "Perez Perez, Elena"]
[Black "Gomez Dorado, Ernesto"]
[Result "1/2-1/2"]
[WhiteElo "1678"]
[BlackElo "1768"]
[PlyCount "62"]
[EventDate "2012.09.23"]
[EventType "swiss"]
[EventRounds "9"]
[EventCountry "ESP"]
[Source "lmi"]
[SourceDate "2012.09.23"]

1. e4 c5 2. Nf3 d6 3. d4 cxd4 4. Nxd4 Nf6 5. Nc3 a6 6. Be3 Ng4 7. Bg5 h6 8. Bh4
g5 9. Bg3 Bg7 10. h3 Ne5 11. f3 Nbc6 12. Bf2 Nxd4 13. Bxd4 Qa5 14. a3 Be6 15.
Qd2 Rc8 16. h4 Rg8 17. hxg5 hxg5 18. O-O-O Bc4 19. Nd5 Qxd2+ 20. Rxd2 Rc6 21.
Bxc4 Nxc4 22. Rd3 Bxd4 23. Rxd4 b5 24. Rd3 Nb6 25. Nb4 Rc8 26. Nxa6 Kd7 27. Nb4
Ke6 28. Nd5 Nxd5 29. Rxd5 Rc5 30. Rxc5 dxc5 31. Kd2 Rd8+ 1/2-1/2

[Event "19. Torneo San Viator"]
[Site "Madrid ESP"]
[Date "2012.11.18"]
[Round "9.12"]
[White "San Felipe Gonzalez, Tomas"]
[Black "Garcia Otero, Pedro"]
[Result "1-0"]
[WhiteElo "1629"]
[BlackElo "1733"]
[PlyCount "79"]
[EventDate "2012.09.23"]
[EventType "swiss"]
[EventRounds "9"]
[EventCountry "ESP"]
[Source "lmi"]
[SourceDate "2012.09.23"]

1. d4 Nf6 2. c4 c5 3. d5 b5 4. cxb5 a6 5. Nc3 g6 6. e4 d6 7. Nf3 axb5 8. Bxb5+
Bd7 9. O-O Bxb5 10. Nxb5 Nbd7 11. Re1 Ng4 12. h3 Nge5 13. Nxe5 Nxe5 14. f4 Nd7
15. Bd2 Bg7 16. Bc3 O-O 17. Bxg7 Kxg7 18. Qc2 Qa5 19. a4 Nb6 20. b3 Rfc8 21.
Qc3+ Qxc3 22. Nxc3 Nd7 23. Kf2 Nb8 24. Rab1 Na6 25. Nb5 Nb4 26. Kf3 Rab8 27.
Rec1 Rb7 28. Rc4 Rcb8 29. Rd1 f6 30. g4 Rf8 31. Kg3 h6 32. Rd2 Rd7 33. h4 Kh7
34. Kf3 g5 35. hxg5 hxg5 36. Rh2+ Kg7 37. f5 Nd3 38. Kg3 Rdd8 39. Rc3 Nb4 40.
Nc7 1-0

[Event "19. Torneo San Viator"]
[Site "Madrid ESP"]
[Date "2012.11.18"]
[Round "9.14"]
[White "Rodriguez Sebastian, Roberto"]
[Black "Del Castillo Lopez, Rafael"]
[Result "1/2-1/2"]
[WhiteElo "1650"]
[BlackElo "1729"]
[PlyCount "95"]
[EventDate "2012.09.23"]
[EventType "swiss"]
[EventRounds "9"]
[EventCountry "ESP"]
[Source "lmi"]
[SourceDate "2012.09.23"]

1. e4 c5 2. Nf3 d6 3. d4 cxd4 4. Nxd4 Nf6 5. Nc3 g6 6. Be2 Bg7 7. O-O O-O 8.
Kh1 Nc6 9. Be3 Bd7 10. f4 Nxd4 11. Bxd4 Bc6 12. Bf3 a6 13. a4 Ne8 14. a5 Bxd4
15. Qxd4 Qc7 16. Nd5 Bxd5 17. Qxd5 Qc6 18. e5 Qxd5 19. Bxd5 Rb8 20. e6 fxe6 21.
Bxe6+ Kg7 22. g3 Nc7 23. Rfe1 Nxe6 24. Rxe6 Rfe8 25. Rae1 Kf7 26. Kg2 b5 27.
axb6 Rxb6 28. b3 Rc6 29. c4 Rc5 30. Kf3 a5 31. Kg4 h5+ 32. Kf3 a4 33. bxa4 Rxc4
34. R6e4 Rxe4 35. Kxe4 Ra8 36. Ra1 e6 37. Kd4 Ke7 38. a5 Kd7 39. Kc4 Kc6 40. h3
d5+ 41. Kd4 Ra6 42. Ke5 Kb5 43. g4 hxg4 44. hxg4 Rxa5 45. Rxa5+ Kxa5 46. f5
exf5 47. gxf5 gxf5 48. Kxd5 1/2-1/2

[Event "19. Torneo San Viator"]
[Site "Madrid ESP"]
[Date "2012.11.18"]
[Round "9.15"]
[White "Padin Lazaro, Jose Manuel"]
[Black "Martin Garcia, Francisco Javier"]
[Result "1-0"]
[WhiteElo "1806"]
[BlackElo "1609"]
[PlyCount "66"]
[EventDate "2012.09.23"]
[EventType "swiss"]
[EventRounds "9"]
[EventCountry "ESP"]
[Source "lmi"]
[SourceDate "2012.09.23"]

1. e4 c5 2. Nf3 d6 3. d4 cxd4 4. Nxd4 Nf6 5. Nc3 a6 6. Bc4 e6 7. Bb3 Nbd7 8. f4
Nc5 9. e5 Nxb3 10. Nxb3 Ng8 11. O-O d5 12. Be3 Nh6 13. Kh1 Nf5 14. Bf2 Qc7 15.
Nd4 Nxd4 16. Qxd4 Be7 17. Rad1 Bd7 18. a3 b5 19. f5 Rc8 20. Rd3 Qb8 21. Rg3 Rc4
22. Qd3 b4 23. Nxd5 exd5 24. Qxd5 Bb5 25. Rxg7 Rf8 26. e6 f6 27. Rd1 Rxc2 28.
Rxe7+ Kxe7 29. Bc5+ Rxc5 30. Qxc5+ Ke8 31. e7 Rg8 32. Rd8+ Qxd8 33. exd8=Q+
Kxd8 1-0

[Event "19. Torneo San Viator"]
[Site "Madrid ESP"]
[Date "2012.11.18"]
[Round "9.16"]
[White "Jimenez Elices, Jose Maria"]
[Black "Moreno Sanchez, Guillermo"]
[Result "1-0"]
[WhiteElo "1905"]
[BlackElo "1635"]
[PlyCount "41"]
[EventDate "2012.09.23"]
[EventType "swiss"]
[EventRounds "9"]
[EventCountry "ESP"]
[Source "lmi"]
[SourceDate "2012.09.23"]

1. e4 c5 2. Nf3 d6 3. d4 cxd4 4. Nxd4 Nf6 5. Nc3 a6 6. Bc4 e6 7. Bb3 Qc7 8. O-O
Nc6 9. Kh1 Be7 10. f4 Nxd4 11. Qxd4 e5 12. Qf2 exf4 13. Bxf4 O-O 14. Rae1 Be6
15. e5 Ng4 16. Qg3 Nxe5 17. Rxe5 Qd8 18. Bh6 Bf6 19. Bxg7 Bh4 20. Bf6+ Bxg3 21.
Rg5# 1-0